00292nam a2200121Ia 4500003000400000005001700004008004100021020001800062040002700080100002400107245002100131260001800152OSt20240330102328.0170523s9999 xx 000 0 und d a9789332550131 cIIMT UNIVERSITY MEERUT aValkenburg- M.E.Van 0aNetwork Analysis aPHI New Delhi